000
00320nam a22001337a 4500
008
180201b xxu||||| |||| 00| 0 eng d
020
_a
0471896292
041
_a
eng
080
_a
338
100
_a
54
101
_a
MEN
245
_a
Judgment in managerial decision making
_c
Bazerman,M.H
942
_2
udc
_c
BK
999
_c
41492
_d
41492